| Tag |
First Indicator |
Second Indicator |
Subfields |
| LEADER |
00000cam a2200000 i 4500 |
| 001 |
in00005466310 |
| 008 |
230121t20222022au a bc 000 0 eng d |
| 005 |
20250318222640.6 |
| 020 |
|
|
|a 9783903439658
|
| 020 |
|
|
|a 3903439657
|
| 024 |
3 |
|
|a 9783903439658
|
| 035 |
|
|
|a (OCoLC)on1363546107
|
| 035 |
|
|
|a (OCoLC)1363546107
|
| 040 |
|
|
|a OHX
|b eng
|e rda
|c OHX
|d JPG
|d OCLCF
|d OCLCO
|d TFW
|d NLART
|d OCLCO
|
| 041 |
|
|
|a eng
|a ger
|
| 050 |
|
4 |
|a N6496.3.A9
|b V545 2022
|
| 072 |
|
7 |
|a N
|2 lcco
|
| 130 |
0 |
|
|a Loving others (Künstlerhaus Vereinigung)
|
| 245 |
1 |
0 |
|a Loving others :
|b Modelle der Zusammenarbeit /
|c Christian Helbock und Dietmar Schwärzler (Hg.).
|
| 264 |
|
1 |
|a Wien :
|b Künstlerhaus Vereinigung ;
|a Wien :
|b Verlag für moderne Kunst,
|c [2022]
|
| 264 |
|
4 |
|c ©2022
|
| 300 |
|
|
|a 121 pages :
|b illustrations (chiefly color) ;
|c 30 cm +
|e 1 folded leaf (58 x 80 cm, folded to 29 x 20 cm)
|
| 336 |
|
|
|a text
|b txt
|2 rdacontent
|
| 336 |
|
|
|a still image
|b sti
|2 rdacontent
|
| 337 |
|
|
|a unmediated
|b n
|2 rdamedia
|
| 338 |
|
|
|a volume
|b nc
|2 rdacarrier
|
| 500 |
|
|
|a Title from cover.
|
| 500 |
|
|
|a On the occasion of an exhibition held at the K|nstlerhaus Wien, October 13, 2022 - January 15, 2023.
|
| 504 |
|
|
|a Includes bibliographical references.
|
| 546 |
|
|
|a 23 English and 22 German contributions.
|
| 650 |
|
0 |
|a Art, Modern
|y 21st century
|v Exhibitions.
|
| 650 |
|
0 |
|a Group work in art
|v Exhibitions.
|
| 650 |
|
0 |
|a Art and society
|v Exhibitions.
|
| 650 |
|
6 |
|a Art
|0 (CaQQLa)201-0363859
|y 21e siècle
|0 (CaQQLa)201-0363859
|v Expositions.
|0 (CaQQLa)201-0378191
|
| 650 |
|
6 |
|a Art
|0 (CaQQLa)201-0055577
|x Travail en équipe
|0 (CaQQLa)201-0055577
|v Expositions.
|0 (CaQQLa)201-0378191
|
| 650 |
|
6 |
|a Art et société
|0 (CaQQLa)201-0001587
|v Expositions.
|0 (CaQQLa)201-0378191
|
| 650 |
|
7 |
|a Art and society
|2 fast
|0 (OCoLC)fst00815432
|
| 650 |
|
7 |
|a Art, Modern
|2 fast
|0 (OCoLC)fst00816615
|
| 650 |
|
7 |
|a Group work in art
|2 fast
|0 (OCoLC)fst01896057
|
| 648 |
|
7 |
|a 2000-2099
|2 fast
|
| 655 |
|
7 |
|a exhibition catalogs.
|2 aat
|0 (CStmoGRI)aatgf300026096
|
| 655 |
|
7 |
|a Exhibition catalogs
|2 fast
|0 (OCoLC)fst01424028
|
| 655 |
|
7 |
|a Exhibition catalogs.
|2 lcgft
|
| 655 |
|
7 |
|a Catalogues d'exposition.
|2 rvmgf
|0 (CaQQLa)RVMGF-000001063
|
| 700 |
1 |
|
|a Helbock, Christian,
|e editor.
|
| 700 |
1 |
|
|a Schwärzler, Dietmar,
|e editor.
|
| 710 |
2 |
|
|a Künstlerhaus Wien,
|e host institution.
|
| 852 |
8 |
|
|b pda,print
|z This title is available for the library to purchase for your use. Click the "Purchase It For Me" button to place a request. This item may take 5-10 business days to arrive.
|
| 955 |
|
|
|a Print PDA title
|
| 961 |
|
|
|m 565730
|
| 999 |
f |
f |
|s fe903fde-0560-4e58-926b-ecd6474633a6
|i 46651d1e-dbfc-4432-8db4-f2c4e64b9ce0
|t 0
|
| 952 |
f |
f |
|a Texas A&M University
|b College Station
|c Sterling C. Evans Library
|d Purchase on Demand
|t 0
|e N6496.3.A9 V545 2022
|h Library of Congress classification
|
| 998 |
f |
f |
|a N6496.3.A9 V545 2022
|t 0
|l Purchase on Demand
|